00486nam a2200157 a 4500008004100000020002200041100002100063245007100084260005100155300003300206440004700239650001500286003000100301005001700302040000900319  a0198522266 (pbk.)1 aDiggle, Peter J.10aTime series: b a biostatistical introduction /c Peter J. Diggle. aOxford, :b Oxford University Press , c 1990. axi, 257 p. :bill. ;c24 cm. aOxford statistical science series ;vno. 5 1aStatistics20230123134131.0 cNUST